Countries Ludacris has Visited - Statistics

General Stats
  • This quiz has been taken 9 times
  • The average score is 14 of 19
Answer Stats
Continent Country % Correct
South America Brazil
100%
Asia China
100%
Oceania Australia
89%
North America Canada
89%
Europe France
89%
Europe Germany
89%
Europe Italy
89%
North America Mexico
89%
Oceania New Zealand
89%
North America United States of America
89%
Europe Switzerland
78%
Europe United Kingdom
78%
Europe Sweden
67%
Europe Hungary
56%
Africa South Africa
56%
Europe Norway
44%
Europe Monaco
33%
Asia Thailand
33%
Asia United Arab Emirates
33%
No matching quizzes found
Score Distribution
Percent of People with Each Score
Percentile by Number Answered
Your Score History
You have not taken this quiz